[Event "EU-ch U12 27th"]
[Site "Mamaia"]
[Date "2017.09.08"]
[Round "4"]
[White "Gamsa, Clemens"]
[Black "Menlibai, Deniz Edvin"]
[Result "1-0"]
[WhiteElo "1731"]
[BlackElo "1575"]
[PlyCount "71"]
[EventDate "2017.09.05"]
[EventType "swiss"]
[EventRounds "9"]
[EventCountry "ROU"]
[SourceTitle "CBM 180 Extra"]
[Source "ChessBase"]
[SourceDate "2017.10.06"]
[SourceVersion "1"]
[SourceVersionDate "2017.10.06"]
[SourceQuality "1"]

1. e4 c5 2. Nf3 Nc6 3. d4 cxd4 4. Nxd4 g6 5. Nc3 Bg7 6. Be3 Nf6 7. Bc4 0-0 8. Bb3 d6 9. f3 Bd7 10. h4 h5 11. Qd2 Rc8 12. g4 Ne5 13. g5 Ne8 14. f4 Nc4 15. Bxc4 Rxc4 16. f5 Rc8 17. Rf1 Bc6 18. fxg6 fxg6 19. Rxf8+ Bxf8 20. Ne6 Qd7 21. Nf4 Kh7 22. 0-0-0 Bg7 23. Qd3 e5 24. Nfd5 Bxd5 25. Nxd5 b6 26. Bxb6 axb6 27. Nxb6 Qc6 28. Nxc8 Qxc8 29. a4 Qa8 30. b3 Qc6 31. Kb2 Bf8 32. Qb5 Qxb5 33. axb5 Be7 34. b6 Bd8 35. b7 Bc7 36. Ra1 1-0

[Event "EU-ch U12 27th"]
[Site "Mamaia"]
[Date "2017.09.06"]
[Round "2"]
[White "Cuttoli, Alexandre"]
[Black "Menlibai, Deniz Edvin"]
[Result "1-0"]
[WhiteElo "1770"]
[BlackElo "1575"]
[PlyCount "84"]
[EventDate "2017.09.05"]
[EventType "swiss"]
[EventRounds "9"]
[EventCountry "ROU"]
[SourceTitle "CBM 180 Extra"]
[Source "ChessBase"]
[SourceDate "2017.10.06"]
[SourceVersion "1"]
[SourceVersionDate "2017.10.06"]
[SourceQuality "1"]

1. d4 d5 2. c4 e6 3. g3 Nf6 4. Bg2 c6 5. Nf3 Bd6 6. 0-0 0-0 7. Qc2 Ne4 8. Nbd2 f5 9. b3 Nd7 10. a4 a5 11. Ba3 Bxa3 12. Rxa3 Nb8 13. Ne5 Nf6 14. Ndf3 Na6 15. Raa1 Nb4 16. Qb2 b6 17. Rac1 Bb7 18. Rfd1 Qe7 19. c5 bxc5 20. dxc5 Nd7 21. Qd4 Nxe5 22. Nxe5 Ba6 23. e3 Rfd8 24. Bf1 Bxf1 25. Kxf1 Rdb8 26. Rd2 Rb7 27. Rc4 Rc8 28. Rc1 Rcb8 29. Rc3 Qc7 30. Rb2 Na6 31. f4 Rb4 32. Qd2 R4b7 33. Nf3 Nb4 34. Nd4 Qd7 35. h3 g6 36. Qd1 Rf8 37. Kg2 Qe7 38. Qe1 e5 39. Nf3 e4 40. Nd4 Re8 41. Rd2 Qf6 42. Qc1 Qe6 1-0

[Event "ROM-ch U12"]
[Site "Baile Felix"]
[Date "2017.02.07"]
[Round "7"]
[White "Metehau, Luca Mihnea"]
[Black "Menlibai, Deniz Edvin"]
[Result "1/2-1/2"]
[WhiteElo "1757"]
[BlackElo "1511"]
[PlyCount "94"]
[EventDate "2017.02.02"]
[EventType "swiss"]
[EventRounds "9"]
[EventCountry "ROU"]
[SourceTitle "CBM 176 Extra"]
[Source "ChessBase"]
[SourceDate "2017.03.02"]
[SourceVersion "1"]
[SourceVersionDate "2017.03.02"]
[SourceQuality "1"]

1. e4 c5 2. d4 cxd4 3. c3 dxc3 4. Nxc3 Nc6 5. Bc4 d6 6. Nf3 a6 7. Qe2 Nf6 8. h3 e6 9. 0-0 Be7 10. Rd1 Bd7 11. Bf4 e5 12. Bg5 Qb8 13. Bxf6 Bxf6 14. Nd5 Qd8 15. Rac1 0-0 16. Qd2 Be6 17. Nxf6+ Qxf6 18. Bxe6 Qxe6 19. Qxd6 Qxd6 20. Rxd6 Rfd8 21. Rcd1 Rxd6 22. Rxd6 f6 23. Rd7 Rb8 24. Kf1 Kf8 25. Ke2 Ne7 26. Nd2 Ke8 27. Rc7 Kd8 28. Rc3 Nc6 29. Nb3 Kc7 30. Na5 Rd8 31. g3 Rd4 32. Ke3 Rd6 33. Nxc6 Rxc6 34. Kd3 Rxc3+ 35. Kxc3 b6 36. f4 g5 37. f5 h5 38. a4 Kd6 39. Kb4 Kc6 40. b3 Kd6 41. Kc4 Kc6 42. Kc3 Kc5 43. b4+ Kc6 44. Kc4 b5+ 45. Kb3 Kb6 46. Ka3 Kc6 47. axb5+ axb5 1/2-1/2

[Event "ROM-ch U10"]
[Site "Calimanesti"]
[Date "2015.04.06"]
[Round "9"]
[White "Mihalcescu, Alexandru"]
[Black "Menlibai, Deniz Edvin"]
[Result "0-1"]
[WhiteElo "1191"]
[BlackElo "1519"]
[PlyCount "136"]
[EventDate "2015.03.30"]
[EventType "swiss"]
[EventRounds "9"]
[EventCountry "ROU"]
[SourceTitle "CBM 165 Extra"]
[Source "ChessBase"]
[SourceDate "2015.04.21"]
[SourceVersion "1"]
[SourceVersionDate "2015.04.21"]
[SourceQuality "1"]

1. e4 c5 2. Nf3 Nc6 3. d4 cxd4 4. Nxd4 g6 5. c4 Bg7 6. Be3 Nf6 7. Nc3 0-0 8. Be2 d6 9. 0-0 Bd7 10. f3 b6 11. Qd2 Rc8 12. b3 Re8 13. Rfc1 Qc7 14. Rab1 a5 15. a3 Nxd4 16. Bxd4 Bc6 17. Qe3 Nd7 18. Bxg7 Kxg7 19. Nd5 Qb7 20. Qc3+ Kg8 21. Qd2 Bxd5 22. Qxd5 Qxd5 23. cxd5 Nf6 24. Bb5 Red8 25. Ba6 Rxc1+ 26. Rxc1 Rb8 27. Rc7 Kf8 28. Kf2 Ne8 29. Rb7 Rxb7 30. Bxb7 Nc7 31. Bc6 e5 32. Ke3 Ke7 33. g4 f6 34. f4 g5 35. f5 Kd8 36. Bb7 Nb5 37. Bc6 Nxa3 38. Kd3 b5 39. Kc3 b4+ 40. Kb2 Kc7 41. Kc1 Kb6 42. Kd2 Kc5 43. Kd3 h6 44. h3 Nb5 45. Ke3 Nd4 46. Ba4 Nc2+ 47. Kd2 Na3 48. Ke3 Nb1 49. Bc6 Nc3 50. Kd3 Nb5 51. Ke3 Nc7 52. Kd3 Kb6 53. Ba4 Na6 54. Ke3 Nc5 55. Ke2 Nxe4 56. Ke3 Nc5 57. Kd2 Nxa4 58. bxa4 Kc5 59. Kd3 Kxd5 60. Ke3 Kc4 61. Ke4 d5+ 62. Ke3 b3 63. Kd2 d4 64. Kc1 Kc3 65. Kb1 b2 66. h4 d3 67. h5 d2 68. Ka2 d1Q 0-1

[Event "ROM-ch U10"]
[Site "Calimanesti"]
[Date "2015.04.04"]
[Round "7"]
[White "Rata, Andrei"]
[Black "Menlibai, Deniz Edvin"]
[Result "1-0"]
[WhiteElo "1355"]
[BlackElo "1519"]
[PlyCount "84"]
[EventDate "2015.03.30"]
[EventType "swiss"]
[EventRounds "9"]
[EventCountry "ROU"]
[SourceTitle "CBM 165 Extra"]
[Source "ChessBase"]
[SourceDate "2015.04.21"]
[SourceVersion "1"]
[SourceVersionDate "2015.04.21"]
[SourceQuality "1"]

1. e4 c5 2. Nf3 Nc6 3. d4 cxd4 4. Nxd4 g6 5. Nc3 Bg7 6. Be3 Nf6 7. Bc4 0-0 8. Bb3 d6 9. h3 Bd7 10. 0-0 a6 11. Qd2 Rc8 12. Rfe1 b5 13. a3 Ne5 14. f4 Nc4 15. Bxc4 Rxc4 16. b3 Rc7 17. Nf3 Qc8 18. Bd4 Ne8 19. Bxg7 Kxg7 20. Re3 Bc6 21. Rc1 Nf6 22. e5 dxe5 23. Nxe5 Rd8 24. Rd3 Rxd3 25. cxd3 Bd5 26. b4 Be6 27. Ne2 Rxc1+ 28. Qxc1 Qxc1+ 29. Nxc1 Nd5 30. Ne2 Ne3 31. Nd4 Nd1 32. Nxe6+ fxe6 33. Nc6 Kf6 34. Nb8 Nc3 35. Nxa6 Nb1 36. a4 bxa4 37. b5 a3 38. Nb4 Nc3 39. b6 Nd5 40. b7 Nxb4 41. b8Q Kf7 42. Qxb4 a2 1-0

[Event "ROM-ch U10"]
[Site "Calimanesti"]
[Date "2014.04.13"]
[Round "9"]
[White "Macovei, David Sebastian"]
[Black "Menlibai, Deniz Edvin"]
[Result "1-0"]
[WhiteElo "1332"]
[BlackElo "1260"]
[PlyCount "129"]
[EventDate "2014.04.06"]
[EventType "swiss"]
[EventRounds "9"]
[EventCountry "ROU"]
[SourceTitle "CBM 160 Extra"]
[Source "ChessBase"]
[SourceDate "2014.07.01"]
[SourceVersion "1"]
[SourceVersionDate "2014.07.01"]
[SourceQuality "1"]

1. e4 c5 2. c3 Nf6 3. e5 Nd5 4. d4 cxd4 5. cxd4 Nc6 6. Nf3 d6 7. Bc4 Nb6 8. Bb5 dxe5 9. Nxe5 Bd7 10. Nc3 a6 11. Bxc6 Bxc6 12. 0-0 e6 13. Qb3 Be7 14. Be3 Nd5 15. Nxd5 Bxd5 16. Qd1 0-0 17. Qg4 Rc8 18. a3 b5 19. Rac1 Bf6 20. Bh6 Qe7 21. Bd2 Bxe5 22. dxe5 Rfd8 23. Bg5 Qd7 24. Bxd8 Rxd8 25. Rfd1 Qe7 26. h3 Rb8 27. Rc3 Ra8 28. Rdc1 Rd8 29. Rg3 Qf8 30. f4 Be4 31. Qe2 Bd5 32. h4 Bc4 33. Qg4 Qc5+ 34. Kh2 Qf8 35. h5 a5 36. Rd1 Bd5 37. f5 exf5 38. Qxf5 Be6 39. Rxd8 Bxf5 40. Rxf8+ Kxf8 41. Kg1 a4 42. Kf2 Be6 43. Ke3 g6 44. hxg6 hxg6 45. Kd4 Bc4 46. Rc3 Bf1 47. g3 Ke7 48. b3 axb3 49. Rxb3 Bc4 50. Rb4 Bf1 51. Kc5 f6 52. exf6+ Kxf6 53. Rf4+ Ke5 54. Rxf1 g5 55. Kxb5 g4 56. a4 Ke4 57. a5 Ke3 58. a6 Ke2 59. Rf4 Ke3 60. a7 Ke2 61. a8Q Ke3 62. Qa3+ Ke2 63. Rb4 Kf2 64. Rb2+ Ke1 65. Qa1# 1-0

[Event "ROM-ch U10"]
[Site "Calimanesti"]
[Date "2014.04.07"]
[Round "2"]
[White "Menlibai, Deniz Edvin"]
[Black "Mintau, Andrei Catalin"]
[Result "0-1"]
[WhiteElo "1260"]
[BlackElo "1496"]
[PlyCount "127"]
[EventDate "2014.04.06"]
[EventType "swiss"]
[EventRounds "9"]
[EventCountry "ROU"]
[SourceTitle "CBM 160 Extra"]
[Source "ChessBase"]
[SourceDate "2014.07.01"]
[SourceVersion "1"]
[SourceVersionDate "2014.07.01"]
[SourceQuality "1"]

1. e4 c6 2. d4 d5 3. exd5 cxd5 4. Bd3 Nc6 5. c3 e6 6. Ne2 Bd6 7. Bf4 Nf6 8. 0-0 0-0 9. Nd2 Qc7 10. Bxd6 Qxd6 11. f4 Ng4 12. Rf3 f5 13. h3 Nf6 14. Rf1 Ne7 15. Nf3 Ng6 16. Ne5 Ne7 17. Rc1 Nd7 18. Qc2 Nxe5 19. fxe5 Qb6 20. Kh1 Bd7 21. g4 g6 22. g5 Rac8 23. Qd2 Bc6 24. h4 Bb5 25. Bxb5 Qxb5 26. Nf4 Qd7 27. h5 Rf7 28. Qh2 Qc6 29. Qh3 Rg7 30. Rg1 Kf7 31. Rc2 Qb5 32. b3 h6 33. Rgc1 Rgg8 34. Nd3 Nc6 35. Nc5 Nxe5 36. dxe5 Qxc5 37. Qd3 Qe7 38. Qe3 b6 39. Kg2 Qb7 40. Kg3 Rc7 41. c4 Rgc8 42. Qd3 dxc4 43. Rxc4 Rxc4 44. Rxc4 Rxc4 45. Qxc4 Qd7 46. Qc3 Qe7 47. Kh4 Qc5 48. Qd2 Qd5 49. Qe3 Qc5 50. Qd3 Qb4+ 51. Kg3 Qg4+ 52. Kf2 Qxg5 53. Qd7+ Qe7 54. Qd3 g5 55. Qh3 Kg7 56. Ke1 Qb4+ 57. Kf1 Qf4+ 58. Ke1 Qxe5+ 59. Kd1 Qa1+ 60. Kd2 Qxa2+ 61. Kd1 Qb1+ 62. Kd2 Qb2+ 63. Kd1 Qd4+ 64. Ke1 0-1